Visualizzazione normale
Vista MARC
- Messina (Italia)
di Geographic Name
Records bibliografici associati: 2
001 - CONTROL NUMBER
- control field: 12391
003 - CONTROL NUMBER IDENTIFIER
- control field: IT-RoINE
005 - DATE AND TIME OF LATEST TRANSACTION
- control field: 20160329091101.0
008 - FIXED-LENGTH DATA ELEMENTS
- fixed length control field: 141006|| aca||aabn | a|a d
040 ## - CATALOGING SOURCE
- Original cataloging agency: IT-RoINE
- Transcribing agency: IT-RoINE
151 ## - HEADING--GEOGRAPHIC NAME
- Geographic name: Messina (Italia)
- General subdivision: Historia
- Chronological subdivision: 1674-1678 (Rebelión)
670 ## - SOURCE DATA FOUND
- Source citation: Work cat.: (IT-RoINE)0: Ribot García, Luis Antonio, 1951- 12390, La monarquía de España y la guerra de Mesina (1674-1678), 2002